000 00767nam a22002417a 4500
003 UA-OsUOA
001 106182
007 ta
008 20140505b un ||||| |||| 00| 0 ukr d
100 _aПрушківський В.
700 _aБурма С.
700 _aШумакова К.
090 _a330(477)
_bП85
942 _cSA
040 _aUA-OsUOA
_bukr
_cUA-OsUOA
_dUA-OsUOA
245 _aУпровадження безготівкових розрахунків з використанням платіжної картки в Україні
300 _aС.100-108
955 _a0
041 _aukr
080 _a330(477)
773 0 _w106175
_tБанківська справа
_dК.
_d2014
_g2
650 7 _a330 Економіка взагалі
_2UDC
999 _c392314
_d392314